000 00689nam a2200205 i 4500
001 137130
003 ES-MaACL
005 20230906195322.0
007 t|
008 070214q1952 sp f |||| | spa d
100 1 _aSalaverría, José María,
_d1873-1940
_9101790
245 1 4 _aLos conquistadores
_b: (el origen heroico de América) /
_cJosé María Salaverría.
250 _a2ª ed. reformada.
260 _aBarcelona :
_bGustavo Gili,
_c[1952?]
300 _a221 p., 8 lám. ;
_c20 cm.
650 4 _aConquistadores-
_zEspaña.
_9155639
651 4 _aAmérica-
_xDescubrimientos y exploraciones-
_xEspañoles.
_9138324
852 _aES-MaACL
_jD-5625
999 _c137130
_d137130